L'entreprise industrielle d'etat en Union Sovietique

Uloženo v:
Podrobná bibliografie
Hlavní autor: Monique Meyer
Médium: Kniha
Jazyk:Undetermined
Vydáno: Paris Editions Cujas 1966
Témata:
Tagy: Přidat tag
Žádné tagy, Buďte první, kdo otaguje tento záznam!
Thư viện lưu trữ: Trung tâm Học liệu Trường Đại học Cần Thơ
LEADER 00462nam a2200169Ia 4500
001 CTU_84939
008 210402s9999 xx 000 0 und d
082 |a 330.9 
082 |b M613 
100 |a Monique Meyer 
245 0 |a L'entreprise industrielle d'etat en Union Sovietique 
260 |a Paris 
260 |b Editions Cujas 
260 |c 1966 
650 |a U.S.S.R. 
650 |x economic development 
980 |a Trung tâm Học liệu Trường Đại học Cần Thơ